Serie A 21/22 - Statystyki

Ogólne statystyki
  • Ten quiz został rozwiązany 162 razy
  • Średni wynik to 16 z 20
Statystyki odpowiedzi
Klub % Poprawnych
Inter
100%
Juventus
100%
Milan
100%
Roma
95%
Napoli
92%
Lazio
89%
Atalanta
84%
Fiorentina
82%
Hellas Verona
80%
Sassuolo
80%
Genoa
79%
Sampdoria
77%
Torino
77%
Bologna
73%
Empoli
70%
Udinese
68%
Cagliari
67%
Spezia
67%
Salernitana
65%
Venezia
63%
Nie znaleziono quizów pasujących do podanych kryteriów
Rozkład punktacji
Procent ludzi z każdym wynikiem
Percentyl według liczby udzielonych odpowiedzi
Twoja historia wyników
Nie rozwiązałeś tego quizu